00984nam a2200253 i 450000100060000000300090000600500170001500700030003200800410003502000180007608000230009410000190011724501840013626000360032030000290035650000570038553400810044265000690052365500250059270000250061770000280064270000250067085200350069567175ES-MaACL20230906170003.0t|040510s1993 sp ||||1| spa d a84-7719-389-4 a658.336(035.3)"17"1 aWatts, Thomas.10aEnsayo sobre el método mas idóneo para la formación del hombre de negociosb: 1776 / cThomas Watts ; introducción, J.J. Lanero ; traducción, J.C. Santoyo y S. Villoria. aLeón : bUniversidad, c1993. a31, 44, 37 p. ; c21 cm. aTexto original inglés y traducción en español. pReprod. facs. de la ed. de: c-- London : George Strahan ... [et al.], 1716.14aEmpresarios-xFormación profesional-vObras anteriores a 1800. 72tgfbneaFacsímiles1 aLanero, Juan José.1 aSantoyo, Julio-César.1 aVilloria, Secundino. aES-MaACLj2176-F-3 bR.129.698